00317nam a2200133Ia 4500003000400000008004100004082001600045100002000061245004900081250000800130260002900138300000800167650000800175OSt191201s2008 xx 000 0 und d a658.18bFEC aFERRARO, Gary P 0aCultural Dimension of International Business aIMP aNew DelhibPearsonc2008 a526 aMBA